Alle BVB Spieler der Meistermannschaft von 2002 - Statistiken

Allgemein
  • Dieses Quiz wurde 66 mal gespielt
  • Das Durchschnittsergebnis liegt bei 12 aus 34
Antwortstatistiken
Hint Antwort % Korrekt
Linker Verteidiger Dede
85%
Torwart Jens Lehmann
80%
Defensives Mittelfeld Sebastian Kehl
80%
Mittelstürmer Jan Koller
78%
Offensives Mittelfeld Lars Ricken
75%
Mittelstürmer Marcio Amoroso
75%
Torwart Roman Weidenfeller
71%
Innenverteidiger Christian Wörns
62%
Offensives Mittelfeld Tomas Rosicky
62%
Rechter Verteidiger Evanilson
58%
Mittelstürmer Ewerthon
56%
Innenverteidiger Christoph Metzelder
51%
Rechtes Mittelfeld Stefan Reuter
49%
Linker Verteidiger Jörg Heinrich
36%
Defensives Mittelfeld Torsten Frings
36%
Mittelstürmer Heiko Herrlich
31%
Offensives Mittelfeld Otto Addo
31%
Torwart Dr. Phillip Laux
22%
Rechtsaußen David Odonkor
18%
Rechtsaußen Giuseppe Reina
18%
Defensives Mittelfeld Sunday Oliseh
16%
Innenverteidiger Deniz Sahin
15%
Innenverteidiger Ahmed Madouni
13%
Rechter Verteidiger Juan Fernandez
9%
Linkes Mittelfeld Leandro
9%
Rechter Verteidiger Guy Demel
7%
Rechtsaußen Jan Derek Sørensen
7%
Mittelstürmer Sahr Senesie
5%
Mittelstürmer Emmanuel Krontiris
4%
Innenverteidiger Florian Thorwart
4%
Torwart Michael Ratajczak
4%
Linker Verteidiger Bastian Pinske
2%
Torwart Stefan Demuth
2%
Linker Verteidiger Timo Achenbach
0%
Keine übereinstimmenden Quizze gefunden
Verteilung der Resultate
Anzahl Personen mit jedem Resultat
Perzentil nach korrekt beantworteten Fragen
Ihre Resultats-Entwicklung
Sie haben dieses Quiz noch nicht gespielt